00431nam a2200181Ia 4500008004100000020001800041050001400059100001900073245001900092245003900111260001500150260001600165260000900181300001400190300002700204300001000231500000800241170918s9999 xx 000 0 und d a9780545117593 bF699 2007 aFord, Bernette aBallet kitty / cby Bernette Ford and Sam Williams. aNew York : bScholastic, c2007 aunpaged : bcolored illustration ; c25cm. a480